Co golimy? - Statystyki

Ogólne statystyki
  • Ten quiz został rozwiązany 274 razy
  • Średni wynik to 4 z 7
Statystyki odpowiedzi
Odpowiedź % Poprawnych
Nogi
91%
Pachy
84%
Głowę
70%
Twarz
57%
Plecy
55%
Miejsca intymne
45%
Klatkę Piersiową
33%
Nie znaleziono quizów pasujących do podanych kryteriów
Rozkład punktacji
Procent ludzi z każdym wynikiem
Percentyl według liczby udzielonych odpowiedzi
Twoja historia wyników
Nie rozwiązałeś tego quizu